| 000 | 00407nam a2200145 a 4500 | ||
|---|---|---|---|
| 001 | 769 | ||
| 003 | CDMR | ||
| 005 | 20130116135157.0 | ||
| 008 | 130130s1996||||||||||||||||||||||||||||d | ||
| 040 |
_aCDMR _bcat _cCPC GIRONA |
||
| 100 | 1 |
_aPuigverd, Antoni _9599 |
|
| 245 | 1 | 0 |
_aDiscurs d'homenatge a Pere Navarro _cPuigverd, Antoni |
| 260 |
_c1996 _bComissió Organitzadora de l'Homenatge a Pere Navarro |
||
| 942 | _cMON | ||
| 999 |
_c769 _d769 |
||